World Economic Outlook, October 2009 : (Record no. 13634)
[ view plain ]
| 000 -LEADER | |
|---|---|
| fixed length control field | 02390cas a2200385 a 4500 |
| 001 - CONTROL NUMBER | |
| control field | 11282285 |
| 005 - DATE AND TIME OF LATEST TRANSACTION | |
| control field | 20100104122624.0 |
| 008 - FIXED-LENGTH DATA ELEMENTS--GENERAL INFORMATION | |
| fixed length control field | 810728s2009waufr p|r i000 0 eng d |
| 010 ## - LIBRARY OF CONGRESS CONTROL NUMBER | |
| LC control number | 84640155 |
| Canceled/invalid LC control number | sc 82003672 |
| 020 ## - INTERNATIONAL STANDARD BOOK NUMBER | |
| International Standard Book Number | 9781589068070 |
| 035 ## - SYSTEM CONTROL NUMBER | |
| System control number | (OCoLC)ocm07621785 |
| 040 ## - CATALOGING SOURCE | |
| Original cataloging agency | DJBF |
| Transcribing agency | DJBF |
| Modifying agency | MH |
| -- | DLC |
| -- | NST |
| -- | DLC |
| -- | NST |
| -- | DLC |
| -- | NST |
| -- | NSDP |
| -- | NST |
| -- | NSDP |
| -- | NST |
| -- | InU |
| -- | NST |
| -- | DLC |
| -- | NSDP |
| -- | NST |
| -- | DLC |
| -- | NST |
| -- | MH |
| -- | NST |
| -- | NSDP |
| -- | NST |
| -- | OCoLC |
| -- | MH |
| -- | NST |
| -- | MH |
| -- | MCM |
| -- | N |
| -- | MH |
| -- | DLC |
| -- | DNAL |
| -- | MCM |
| -- | DLC |
| -- | GU |
| -- | WaU |
| -- | InU |
| -- | DLC |
| -- | MH |
| -- | OrU |
| -- | DLC |
| -- | HkUST |
| -- | InU |
| -- | MUQ |
| -- | OCoLC |
| -- | DLC |
| -- | NLGGC |
| -- | NNC |
| -- | NYDWH |
| -- | DLC |
| -- | MtU |
| -- | OCoLC |
| -- | PU |
| 042 ## - AUTHENTICATION CODE | |
| Authentication code | lc |
| -- | nsdp |
| 082 00 - DEWEY DECIMAL CLASSIFICATION NUMBER | |
| Classification number | 330.9 |
| Edition number | 22 |
| Item number | ECO |
| 245 00 - TITLE STATEMENT | |
| Title | World Economic Outlook, October 2009 : |
| Remainder of title | Sustaining the Recovery/ |
| Statement of responsibility, etc | The International Monetary Fund. |
| 260 ## - PUBLICATION, DISTRIBUTION, ETC. (IMPRINT) | |
| Place of publication, distribution, etc | Washington, D.C. : |
| Name of publisher, distributor, etc | International Monetary Fund, 2009 |
| Date of publication, distribution, etc | 2009 |
| 300 ## - PHYSICAL DESCRIPTION | |
| Extent | 208p. : |
| Other physical details | ill. , charts ; |
| Dimensions | 28 cm. |
| 490 1# - Series Statement | |
| Series statement | World Economic and Financial Surveys. |
| 504 ## - BIBLIOGRAPHY, ETC. NOTE | |
| Bibliography, etc | Includes bibliographical references. |
| 580 ## - LINKING ENTRY COMPLEXITY NOTE | |
| Linking entry complexity note | Has companions: Staff studies for the World economic outlook, 1986-1997; and: World economic outlook (International Monetary Fund). Supporting studies, 2000- |
| 580 ## - LINKING ENTRY COMPLEXITY NOTE | |
| Linking entry complexity note | Companion publication to: International capital markets. |
| 590 ## - LOCAL NOTE (RLIN) | |
| Local note | SERBIB/SERLOC merged record |
| 650 #0 - SUBJECT ADDED ENTRY--TOPICAL TERM | |
| Topical term or geographic name as entry element | International finance |
| Chronological subdivision | 1971-1990 |
| Form subdivision | Periodicals. |
| 9 (RLIN) | 12482 |
| 650 #0 - SUBJECT ADDED ENTRY--TOPICAL TERM | |
| Topical term or geographic name as entry element | Economic history |
| Chronological subdivision | 1990- |
| Form subdivision | Periodicals. |
| 9 (RLIN) | 12483 |
| 710 2# - ADDED ENTRY--CORPORATE NAME | |
| Corporate name or jurisdiction name as entry element | International Monetary Fund. |
| 9 (RLIN) | 12484 |
| 830 #0 - SERIES ADDED ENTRY--UNIFORM TITLE | |
| Uniform title | Occasional paper (International Monetary Fund) |
| 9 (RLIN) | 12485 |
| 830 #0 - SERIES ADDED ENTRY--UNIFORM TITLE | |
| Uniform title | World economic and financial surveys. |
| 9 (RLIN) | 12486 |
| 942 ## - ADDED ENTRY ELEMENTS (KOHA) | |
| Source of classification or shelving scheme | Dewey Decimal Classification |
| Item type | Book - Borrowing |
| Withdrawn status | Item status | Source of classification or shelving scheme | Damaged status | Not for loan | Vendor | Home library | Current library | Shelving location | Date acquired | Source of acquisition | Cost, normal purchase price | Serial Enumeration / chronology | Total Checkouts | Full call number | Barcode | Date last seen | Koha item type |
|---|---|---|---|---|---|---|---|---|---|---|---|---|---|---|---|---|---|
| Dewey Decimal Classification | MERIC | Central Library | Central Library | First floor | 11/03/2010 | 571.90 | 10029 | 330.9 ECO | 000020157 | 15/07/2025 | Book - Borrowing |